[Event "Tournament 14459 - Europe Echecs"]
[Site "Europe Echecs"]
[Date "2020.07.07"]
[Round "7"]
[Time "17:22:51"]
[PlyCount "41"]
[White "HoarauAntoine"]
[Black "NunesSoubeyran"]
[WhiteElo "799"]
[BlackElo "1130"]
[Mode "WEB"]
[Result "0-1"]

1. d4 d5 2. c4 e6 3. Nc3 Nf6 4. Nf3 b6 5. Bg5 c5 6. Qd3 Be7 7. Nb5 O-O 8. Bf4
Bd7 9. Nc7 b5 10. Nxa8 Qa5+ 11. Qd2 b4 12. a3 dxc4 13. dxc5 Ne4 14. Qe3 bxa3+
15. Kd1 Bc6 16. Bc7 Qb4 17. Bxb8 Bxa8 18. Bxa7 axb2 19. Qxe4 bxa1=Q+ 20. Kc2
Qbb2# {HoarauAntoine est échec et mat} 0-1

[Event "Tournament 14459 - Europe Echecs"]
[Site "Europe Echecs"]
[Date "2020.07.07"]
[Round "7"]
[Time "17:22:51"]
[PlyCount "68"]
[White "LegardeurAnton"]
[Black "ElRhourriYanis"]
[WhiteElo "1115"]
[BlackElo "799"]
[Mode "WEB"]
[Result "1-0"]

1. e4 e5 2. Nc3 Nf6 3. Nf3 d5 4. exd5 Nxd5 5. Nxe5 Nxc3 6. dxc3 Qh4 7. Nf3 Qe7+
8. Qe2 Qxe2+ 9. Bxe2 Bc5 10. O-O O-O 11. Bf4 Nc6 12. Rad1 b5 13. Bxc7 b4 14.
cxb4 Bxb4 15. Bf4 Bg4 16. h3 Nd4 17. Rxd4 Bxf3 18. Bxf3 Rac8 19. Rxb4 Rxc2 20.
Rc1 Rxc1+ 21. Bxc1 Rc8 22. Bf4 f6 23. Bd5+ Kf8 24. Rb7 g5 25. Bg3 Rc5 26. Bb3
Ra5 27. Rxh7 Rd5 28. Bxd5 f5 29. Bc6 f4 30. Bh2 f3 31. Bd6+ Kg8 32. Rxa7 fxg2
33. Bd5+ Kh8 34. Be5# {ElRhourriYanis est échec et mat} 1-0

[Event "Tournament 14459 - Europe Echecs"]
[Site "Europe Echecs"]
[Date "2020.07.07"]
[Round "7"]
[Time "17:22:51"]
[PlyCount "45"]
[White "RollotPriscill"]
[Black "PonzeveraElsa"]
[WhiteElo "1094"]
[BlackElo "799"]
[Mode "WEB"]
[Result "0-1"]

1. e4 d6 2. d4 Nf6 3. e5 dxe5 4. dxe5 Qxd1+ 5. Kxd1 Ne4 6. Be3 e6 7. f3 Nc5 8.
Bxc5 Bxc5 9. Nc3 Bd4 10. Nge2 Bxe5 11. f4 Bd6 12. Nb5 O-O 13. Nxd6 cxd6 14. Nc3
e5 15. Nd5 exf4 16. Nc7 Bg4+ 17. Be2 Bxe2+ 18. Kxe2 Nc6 19. Nxa8 Rxa8 20. Rad1
Nb4 21. Rxd6 Nxc2 22. Rc1 Nb4 {RollotPriscill a perdu au temps} 0-1

[Event "Tournament 14459 - Europe Echecs"]
[Site "Europe Echecs"]
[Date "2020.07.07"]
[Round "7"]
[Time "17:22:51"]
[PlyCount "45"]
[White "PotieEmilio"]
[Black "OgierDaniil"]
[WhiteElo "799"]
[BlackElo "1059"]
[Mode "WEB"]
[Result "0-1"]

1. d4 Nf6 2. Bf4 d5 3. Nc3 e6 4. e3 c5 5. Bb5+ Bd7 6. Bxd7+ Nbxd7 7. dxc5 Bxc5
8. Qd3 O-O 9. Nf3 Rc8 10. Bg5 h6 11. Bxf6 Qxf6 12. O-O Ne5 13. Nxe5 Qxe5 14. g4
Qg5 15. h4 Qxg4+ 16. Kh1 Qxh4+ 17. Kg1 Bd6 18. Kg2 Qh2+ 19. Kf3 Qh5+ 20. Kg2
Qg4+ 21. Kh1 Qh3+ 22. Kg1 Qh2# {PotieEmilio est échec et mat} 0-1

[Event "Tournament 14459 - Europe Echecs"]
[Site "Europe Echecs"]
[Date "2020.07.07"]
[Round "7"]
[Time "17:22:51"]
[PlyCount "65"]
[White "BainthouverezA"]
[Black "SemetroudenkoA"]
[WhiteElo "1058"]
[BlackElo "799"]
[Mode "WEB"]
[Result "1/2-1/2"]

1. c4 e5 2. e3 Nc6 3. Nc3 Bc5 4. g3 d6 5. Bg2 Bf5 6. Nge2 Nf6 7. O-O O-O 8. b3
a6 9. Bb2 h6 10. d3 Re8 11. d4 exd4 12. exd4 Bxd4 13. Nxd4 Nxd4 14. Qxd4 c5 15.
Qd1 Re6 16. Nd5 Nxd5 17. Qxd5 Qc7 18. Qxf5 Qe7 19. Qc2 Re2 20. Qc3 f6 21. Rfe1
Rxe1+ 22. Rxe1 Qf7 23. Bxb7 Qxb7 24. Qe3 Qd7 25. Rd1 Re8 26. Qd3 Qe6 27. Qd5
Qxd5 28. Rxd5 Re1+ 29. Kg2 Rb1 30. Bc3 Rc1 31. Bb2 Rc2 32. Ba3 Rxa2 {Nulle par accord mutuel} 1/2-1/2

[Event "Tournament 14459 - Europe Echecs"]
[Site "Europe Echecs"]
[Date "2020.07.07"]
[Round "7"]
[Time "17:22:51"]
[PlyCount "82"]
[White "RossoTiziano"]
[Black "BlouvacDaphne"]
[WhiteElo "799"]
[BlackElo "1130"]
[Mode "WEB"]
[Result "1-0"]

1. e4 e5 2. Nf3 Nc6 3. Nc3 Nf6 4. Bc4 h6 5. Nd5 Nxd5 6. exd5 Na5 7. Qe2 b5 8.
Bxb5 Bb7 9. O-O Bc5 10. Qxe5+ Be7 11. Qxg7 Bf6 12. Qg4 Bxd5 13. Re1+ Kf8 14. d3
h5 15. Qh3 Be6 16. Qg3 Rg8 17. Qf4 Bg5 18. Nxg5 Rxg5 19. Qxg5 Qxg5 20. Bxg5 Nb7
21. Bh6+ Ke8 22. Re4 Nd6 23. Rb4 Rb8 24. Bxd7+ Bxd7 25. Rxb8+ Bc8 26. Re1+ Kd7
27. Bf8 Kc6 28. Bxd6 Kxd6 29. Rxc8 c6 30. Rce8 Kd7 31. R1e7+ Kd6 32. Rxf7 Kd5
33. f4 Kd6 34. Rh7 Kd5 35. Ree7 Kd6 36. f5 Kd5 37. f6 Kd4 38. f7 Kd5 39. f8=Q
Kd6 40. Qf6+ Kd5 41. Rxh5# {BlouvacDaphne est échec et mat} 1-0

[Event "Tournament 14459 - Europe Echecs"]
[Site "Europe Echecs"]
[Date "2020.07.07"]
[Round "7"]
[Time "17:22:51"]
[PlyCount "58"]
[White "AngeleAndreas"]
[Black "BeddiarSouhil"]
[WhiteElo "799"]
[BlackElo "1100"]
[Mode "WEB"]
[Result "1-0"]

1. e4 e5 2. Nf3 Nf6 3. Nxe5 Nxe4 4. Qe2 d5 5. d3 Bf5 6. f3 Nc5 7. Nc6+ Qe7 8.
Nxe7 Bxe7 9. g3 Na4 10. Bg2 d4 11. O-O Be6 12. Re1 Bc5 13. b3 Bb4 14. Bd2 Nb2
15. Bxb4 Nc6 16. a3 a5 17. Bc5 b6 18. Bxd4 Nxd4 19. Qe4 Nf5 20. Qxa8+ Ke7 21.
Qxh8 Ne3 22. Qxh7 Nxd3 23. Rxe3 Nc1 24. Qh4+ f6 25. Nc3 Nxb3 26. cxb3 c6 27. Qe4
c5 28. Qxe6+ Kf8 29. Qe8# {BeddiarSouhil est échec et mat} 1-0

[Event "Tournament 14459 - Europe Echecs"]
[Site "Europe Echecs"]
[Date "2020.07.07"]
[Round "7"]
[Time "17:22:51"]
[PlyCount "157"]
[White "OgerEryn"]
[Black "BlanchardEmile"]
[WhiteElo "1460"]
[BlackElo "799"]
[Mode "WEB"]
[Result "1/2-1/2"]

1. e4 e5 2. Nf3 Nc6 3. Nc3 Nf6 4. Bb5 a6 5. Bxc6 dxc6 6. Nxe5 Bd6 7. Nf3 Bg4 8.
h3 Be6 9. d4 c5 10. e5 Be7 11. exf6 gxf6 12. O-O Bc4 13. Re1 Be6 14. d5 Bf5 15.
Bh6 c6 16. dxc6 bxc6 17. Na4 Qxd1 18. Raxd1 Bxc2 19. Rd2 Bxa4 20. b3 Bb5 21. a3
c4 22. a4 Bxa4 23. bxa4 Rg8 24. g3 c3 25. Rd3 Rd8 26. Rxc3 Kd7 27. Rd1+ Kc7 28.
Rxd8 Kxd8 29. Rxc6 Kd7 30. Rxa6 Rc8 31. Rb6 Rc1+ 32. Kg2 Kc7 33. Rb3 Bc5 34.
Bf4+ Kc6 35. Rb8 Rc2 36. Rc8+ Kd5 37. Rd8+ Kc4 38. Rf8 Rxf2+ 39. Kg1 Kd3 40. Re8
Kc2 41. Ne1+ Kd1 42. Rd8+ Kxe1 43. Bd2+ Ke2 44. Bc1 Ke1 45. Re8+ Kd1 46. Bb2
Rxb2+ 47. Kf1 Rf2+ 48. Kg1 Kd2 49. Rd8+ Ke1 50. Re8+ Kd2 51. Rc8 Bd4 52. Rd8 Kd3
53. a5 f5 54. a6 f6 55. a7 Ra2+ 56. Kf1 Rxa7 57. h4 Ra2 58. h5 h6 59. Ke1 Kc2
60. Rxd4 Kc3 61. Rd6 f4 62. gxf4 f5 63. Rxh6 Rd2 64. Rg6 Kd3 65. Rg3+ Kc2 66.
Rh3 Kc1 67. h6 Rd8 68. h7 Rh8 69. Rc3+ Kb1 70. Kd1 Kb2 71. Kd2 Rxh7 72. Rc2+ Kb3
73. Rc3+ Kb4 74. Kd3 Rd7+ 75. Ke3 Re7+ 76. Kd3 Rd7+ 77. Ke2 Re7+ 78. Kd3 Rd7+ {Nulle par répétition} 1/2-1/2

[Event "Tournament 14459 - Europe Echecs"]
[Site "Europe Echecs"]
[Date "2020.07.07"]
[Round "7"]
[Time "17:22:51"]
[PlyCount "40"]
[White "CarobbioAntoin"]
[Black "CazacuSofia"]
[WhiteElo "1220"]
[BlackElo "799"]
[Mode "WEB"]
[Result "1-0"]

1. d4 e5 2. dxe5 d6 3. exd6 cxd6 4. Nc3 b5 5. a3 a6 6. Nf3 Be7 7. Bg5 h6 8. Bxe7
Qxe7 9. Nd5 Qd8 10. Qd4 f5 11. Qxg7 Rh7 12. Qxg8+ Kd7 13. Qxh7+ Ke8 14. Qg6+ Kd7
15. Qf7+ Qe7 16. Qxe7+ Kc6 17. Rd1 Kc5 18. b4+ Kc4 19. Qc7+ Nc6 20. Qxc6# {CazacuSofia est échec et mat} 1-0

[Event "Tournament 14459 - Europe Echecs"]
[Site "Europe Echecs"]
[Date "2020.07.07"]
[Round "7"]
[Time "17:22:51"]
[PlyCount "28"]
[White "SchluppEmma"]
[Black "GervaisClement"]
[WhiteElo "1094"]
[BlackElo "799"]
[Mode "WEB"]
[Result "1-0"]

1. e4 e5 2. Nf3 Nc6 3. Bc4 Qe7 4. Nc3 Qf6 5. d3 Bb4 6. Bg5 Qd6 7. O-O Nf6 8. Qd2
Rf8 9. a3 Rh8 10. axb4 Rg8 11. b5 Qf8 12. bxc6 d6 13. cxb7 Bg4 14. bxa8=Q+ {GervaisClement a abandonné} 1-0

[Event "Tournament 14459 - Europe Echecs"]
[Site "Europe Echecs"]
[Date "2020.07.07"]
[Round "7"]
[Time "17:22:51"]
[PlyCount "43"]
[White "PenarrubiaTom"]
[Black "LottiauNathan"]
[WhiteElo "950"]
[BlackElo "1033"]
[Mode "WEB"]
[Result "0-1"]

1. e4 e5 2. Nf3 Nc6 3. Nc3 Bc5 4. Bc4 Nf6 5. d3 d6 6. Be3 b6 7. O-O Bb7 8. Nd5
Nxd5 9. Bxd5 O-O 10. Nh4 Qxh4 11. Qf3 Bxe3 12. Qxe3 Nb4 13. Qd2 Bxd5 14. exd5
Nxd5 15. d4 Nf4 16. h3 Qg5 17. g3 Nxh3+ 18. Kg2 Qxd2 19. Kxh3 Qxc2 20. Rfb1 Qxf2
21. Rf1 Qxb2 {PenarrubiaTom a abandonné} 0-1

[Event "Tournament 14459 - Europe Echecs"]
[Site "Europe Echecs"]
[Date "2020.07.07"]
[Round "7"]
[Time "17:22:51"]
[PlyCount "58"]
[White "HuJeremy"]
[Black "BorremansPaul"]
[WhiteElo "799"]
[BlackElo "980"]
[Mode "WEB"]
[Result "1/2-1/2"]

1. e4 e5 2. Nf3 Nc6 3. d4 Nf6 4. Nc3 d6 5. Bc4 Bg4 6. h3 Bh5 7. g4 Bg6 8. Bg5 d5
9. exd5 exd4 10. Nxd4 Nxd5 11. Bxd8 Bb4 12. a3 Nxd4 13. Bxd5 Nxc2+ 14. Kd2 Bxc3+
15. bxc3 Rxd8 16. Ra2 Rxd5+ 17. Kc1 Rxd1+ 18. Rxd1 Nb4 19. cxb4 O-O 20. Rd7 f6
21. Rxc7 Bf7 22. Rxb7 Bxa2 23. b5 Bd5 24. Rd7 Be6 25. Rxa7 Bd5 26. b6 Rb8 27. a4
Rxb6 28. a5 Rb7 29. Ra6 {Nulle par accord mutuel} 1/2-1/2

[Event "Tournament 14459 - Europe Echecs"]
[Site "Europe Echecs"]
[Date "2020.07.07"]
[Round "7"]
[Time "17:22:51"]
[PlyCount "63"]
[White "FassiMaeliaAl"]
[Black "FongaroLeon"]
[WhiteElo "799"]
[BlackElo "799"]
[Mode "WEB"]
[Result "0-1"]

1. e4 e5 2. d4 exd4 3. Nc3 dxc3 4. bxc3 Nf6 5. Be2 Nxe4 6. Nf3 Nc6 7. O-O Bc5 8.
Bf4 O-O 9. Bg3 Nxg3 10. hxg3 d6 11. Qd4 Bxd4 12. cxd4 Nxd4 13. Nxd4 c5 14. Nf3
Bg4 15. Nh2 Bxe2 16. Rae1 Bxf1 17. Rxf1 Qg5 18. g4 Qd2 19. Nf3 Qxc2 20. Kh1 Rfe8
21. Rg1 Qxa2 22. Ne1 Qxf2 23. Rf1 Qxf1+ 24. Kh2 Rxe1 25. Kg3 Qc4 26. Kh4 Rh1+
27. Kg3 Qd3+ 28. Kf4 Rf1+ 29. Kg5 h6+ 30. Kh4 g5+ 31. Kh5 Rh1# {FassiMaeliaAl est échec et mat} 0-1

[Event "Tournament 14459 - Europe Echecs"]
[Site "Europe Echecs"]
[Date "2020.07.07"]
[Round "7"]
[Time "17:22:51"]
[PlyCount "79"]
[White "BaloulYaksen"]
[Black "BarrauArthur"]
[WhiteElo "799"]
[BlackElo "980"]
[Mode "WEB"]
[Result "0-1"]

1. e4 e5 2. d3 Nf6 3. d4 exd4 4. Qxd4 Bd6 5. Qd1 O-O 6. Be3 Qe8 7. Nf3 Nxe4 8.
g3 Qe7 9. Nd4 Qd8 10. Bf4 Bxf4 11. gxf4 Re8 12. Rg1 Nd6+ 13. Ne2 Ne4 14. Nec3
Nxc3+ 15. Kd2 Nxd1 16. Kxd1 Rf8 17. b3 Qe7 18. b4 Re8 19. c3 a5 20. c4 axb4 21.
c5 Ra3 22. Nxa3 b3 23. axb3 b6 24. Nb5 Qe1+ 25. Kc2 Qxa1 26. Be2 Qa2+ 27. Kc3
Qxe2 28. f3 Qxb5 29. Rg2 Qf1 30. Rg3 Qe1+ 31. Kc4 d6 32. cxd6 cxd6 33. Rxg7+
Kxg7 34. Kd3 Qb1+ 35. Kd4 Qxb3 36. f5 Qb5 37. f6+ Kxf6 38. Kc3 Re5 39. f4 Re7 {BaloulYaksen a abandonné} 0-1

[Event "Tournament 14459 - Europe Echecs"]
[Site "Europe Echecs"]
[Date "2020.07.07"]
[Round "8"]
[Time "17:52:32"]
[PlyCount "130"]
[White "KhouryTheo"]
[Black "SamouelianSola"]
[WhiteElo "1465"]
[BlackElo "1349"]
[Mode "WEB"]
[Result "1-0"]

1. e4 e5 2. Nf3 Nc6 3. d4 exd4 4. Nxd4 Bc5 5. Nxc6 Qf6 6. Qf3 dxc6 7. Nc3 Qxf3
8. gxf3 Nf6 9. Be3 Bb4 10. Bc4 O-O 11. O-O-O Bxc3 12. bxc3 b6 13. Rhg1 Kh8 14.
e5 Nd7 15. f4 b5 16. Bb3 Nb6 17. Bxf7 Bf5 18. Bb3 a5 19. Bc5 Rfd8 20. a3 Nd7 21.
Be3 c5 22. c4 b4 23. a4 Be6 24. f3 Ra6 25. Bxc5 Rc6 26. Be7 Re8 27. Bh4 Nb6 28.
Rd8 Rxd8 29. Bxd8 Bxc4 30. Kb2 Bxb3 31. cxb3 Nd5 32. Rd1 Nc3 33. Re1 Kg8 34. e6
Kf8 35. e7+ Ke8 36. Rg1 g6 37. f5 Rf6 38. fxg6 hxg6 39. Bxc7 Kxe7 40. Bxa5 Nd5
41. Rd1 Ke6 42. Rd3 Ke5 43. Bd8 Ra6 44. Bg5 Ra8 45. h4 Ra7 46. f4+ Ke4 47. Rd1
Nc3 48. Rd6 Rg7 49. Bf6 Rh7 50. Bxc3 bxc3+ 51. Kxc3 Rxh4 52. Rxg6 Kxf4 53. Re6
Kf5 54. Re1 Rh3+ 55. Kc4 Rh4+ 56. Kc5 Rh3 57. b4 Rc3+ 58. Kd4 Ra3 59. a5 Ra4 60.
Kc5 Ra3 61. Kb6 Ra4 62. b5 Rb4 63. a6 Ra4 64. Kb7 Ra5 65. b6 {SamouelianSola a abandonné} 1-0

[Event "Tournament 14459 - Europe Echecs"]
[Site "Europe Echecs"]
[Date "2020.07.07"]
[Round "8"]
[Time "17:52:32"]
[PlyCount "67"]
[White "SabapatheeFlor"]
[Black "MimouneKenzi"]
[WhiteElo "1444"]
[BlackElo "1266"]
[Mode "WEB"]
[Result "0-1"]

1. c4 c5 2. g3 e6 3. Bg2 Nf6 4. Nc3 Be7 5. e4 d6 6. Nge2 O-O 7. O-O Nc6 8. d4
cxd4 9. Nxd4 Qb6 10. Nxc6 bxc6 11. Be3 Qxb2 12. Na4 Qb7 13. Rb1 Qc7 14. e5 dxe5
15. Qf3 e4 16. Qe2 Bb7 17. Rfd1 Rfd8 18. Bf4 e5 19. Bxe5 Qxe5 20. Rxb7 Rxd1+ 21.
Qxd1 Rd8 22. Qe2 Bd6 23. c5 Be7 24. h4 Bf8 25. Qc4 Rd1+ 26. Kh2 Ng4+ 27. Kh3
Nxf2+ 28. Kh2 Ng4+ 29. Kh3 Qf5 30. Bxe4 Nf2+ 31. Kg2 Nxe4 32. g4 Qf2+ 33. Kh3
Rh1# {SabapatheeFlor est échec et mat} 0-1

[Event "Tournament 14459 - Europe Echecs"]
[Site "Europe Echecs"]
[Date "2020.07.07"]
[Round "8"]
[Time "17:52:32"]
[PlyCount "118"]
[White "ZadoyanGurgen"]
[Black "AlfanoEmilie"]
[WhiteElo "1256"]
[BlackElo "1407"]
[Mode "WEB"]
[Result "1-0"]

1. e4 e5 2. Nf3 Nc6 3. Bb5 Bc5 4. O-O Nd4 5. Nxd4 Bxd4 6. c3 Bb6 7. Bc4 c6 8. d4
d6 9. dxe5 dxe5 10. Kh1 Nf6 11. Qf3 O-O 12. Bg5 h6 13. Bh4 Qe7 14. Na3 Bd8 15.
h3 Be6 16. Rad1 Bxc4 17. Nxc4 b5 18. Ne3 Qe6 19. Nf5 Kh7 20. Rd6 Qxa2 21. Nxg7
Qc4 22. Rfd1 Qxe4 23. Bxf6 Qxf3 24. gxf3 Bxf6 25. Rxf6 Kxg7 26. Rxc6 Rfd8 27.
Rxd8 Rxd8 28. Rc5 Rd2 29. Rxb5 Rxf2 30. c4 Rxf3 31. Rxe5 Rb3 32. Ra5 Rxb2 33.
Rxa7 Rc2 34. Rc7 Kf6 35. c5 Ke5 36. c6 Kd6 37. Rxf7 Rxc6 38. Kg2 Ke5 39. Kg3 Rf6
40. Ra7 Kf5 41. Ra5+ Kg6 42. Kg4 Rb6 43. Ra4 Rc6 44. h4 h5+ 45. Kf4 Rf6+ 46. Ke4
Rd6 47. Ke5 Rf6 48. Ra8 Rb6 49. Rg8+ Kh7 50. Rg5 Rb5+ 51. Kf6 Rxg5 52. hxg5 h4
53. Kf7 h3 54. g6+ Kh6 55. g7 Kh5 56. g8=Q Kh4 57. Kf6 h2 58. Kf5 Kh3 59. Qg4# {AlfanoEmilie est échec et mat} 1-0

[Event "Tournament 14459 - Europe Echecs"]
[Site "Europe Echecs"]
[Date "2020.07.07"]
[Round "8"]
[Time "17:52:32"]
[PlyCount "164"]
[White "LetellierLouis"]
[Black "AllardNedellec"]
[WhiteElo "1203"]
[BlackElo "1292"]
[Mode "WEB"]
[Result "1-0"]

1. d4 d5 2. c4 c6 3. Nc3 Nf6 4. Nf3 a6 5. a4 Bf5 6. Bf4 e6 7. g3 Bd6 8. Bxd6
Qxd6 9. c5 Qc7 10. Bg2 Nbd7 11. O-O O-O 12. Nh4 Bg4 13. Qd2 b5 14. axb5 axb5 15.
b4 Ra7 16. Qb2 Rfa8 17. Rxa7 Qxa7 18. e4 Qa3 19. Qxa3 Rxa3 20. Rc1 g5 21. Nf3 h6
22. Ne5 Nxe5 23. dxe5 Nd7 24. exd5 exd5 25. f4 Rb3 26. Na2 Rb2 27. Ra1 Kg7 28.
Nc3 Rxb4 29. Ra6 Rc4 30. Nxb5 Rxc5 31. Nd6 Nb8 32. Rb6 Rc1+ 33. Kf2 Nd7 34. Rb7
Rc2+ 35. Kg1 Rc1+ 36. Kf2 Rc2+ 37. Kg1 d4 38. Be4 Rc1+ 39. Kf2 Rd1 40. Bxc6 Rd2+
41. Ke1 Re2+ 42. Kf1 d3 43. Bxd7 d2 44. Ba4 Re1+ 45. Kf2 d1=Q 46. Bxd1 Rxd1 47.
Rxf7+ Kg8 48. fxg5 hxg5 49. Rf6 Rd2+ 50. Ke3 Re2+ 51. Kd3 Rxh2 52. Rg6+ Kf8 53.
Rxg5 Be2+ 54. Ke3 Ke7 55. Nf5+ Ke6 56. Nd4+ Kd5 57. Rg7 Ba6 58. Rd7+ Kc5 59. e6
Rh1 60. e7 Re1+ 61. Kf4 Bb5 62. Nb3+ Kc6 63. Rd2 Rxe7 64. Rc2+ Kd7 65. Rd2+ Ke8
66. Nd4 Bc4 67. Nf5 Rf7 68. Kg5 Rd7 69. Rxd7 Kxd7 70. Ne3 Be6 71. Kg6 Ke7 72.
Nf5+ Bxf5+ 73. Kxf5 Kf7 74. Kg5 Kg7 75. g4 Kf8 76. Kf6 Kg8 77. Kg6 Kf8 78. Kh7
Kf7 79. g5 Kf8 80. g6 Ke7 81. g7 Ke6 82. g8=Q+ {AllardNedellec a abandonné} 1-0

[Event "Tournament 14459 - Europe Echecs"]
[Site "Europe Echecs"]
[Date "2020.07.07"]
[Round "8"]
[Time "17:52:32"]
[PlyCount "51"]
[White "CastagnerolCer"]
[Black "LlariMarc"]
[WhiteElo "1332"]
[BlackElo "799"]
[Mode "WEB"]
[Result "0-1"]

1. d4 Nf6 2. c4 e6 3. Nf3 d5 4. g3 Be7 5. Bg2 O-O 6. O-O c6 7. cxd5 cxd5 8. Nc3
Nc6 9. Re1 Qb6 10. e4 dxe4 11. Nxe4 h6 12. b3 Rd8 13. Bb2 Nxe4 14. Rxe4 Bf6 15.
Qd2 e5 16. d5 Be6 17. d6 Qc5 18. Rd1 Be7 19. b4 Qxd6 20. Qxd6 Bxd6 21. Bxe5 Bxe5
22. Rxd8+ Rxd8 23. Nxe5 Rd1+ 24. Bf1 Bh3 25. f4 Rxf1# {CastagnerolCer est échec et mat} 0-1

[Event "Tournament 14459 - Europe Echecs"]
[Site "Europe Echecs"]
[Date "2020.07.07"]
[Round "8"]
[Time "17:52:32"]
[PlyCount "62"]
[White "BornhofenValen"]
[Black "LefrancoisJean"]
[WhiteElo "1258"]
[BlackElo "1038"]
[Mode "WEB"]
[Result "1-0"]

1. e4 e5 2. Nf3 Nc6 3. Nc3 Bc5 4. Nxe5 Nxe5 5. d4 Bxd4 6. Qxd4 Qf6 7. Qd1 d6 8.
Be3 Ng4 9. Bd4 Qg6 10. f3 N4f6 11. Qd2 Bd7 12. O-O-O Ne7 13. Kb1 Nc6 14. Be3
O-O-O 15. Nd5 Nxd5 16. exd5 Ne5 17. Ka1 Kb8 18. h3 Bf5 19. Rc1 Rhe8 20. Qa5 a6
21. Qd2 f6 22. h4 Qf7 23. Be2 Qe7 24. Bf2 Nd7 25. Rhe1 Qf7 26. g4 Bg6 27. h5
Bxh5 28. gxh5 Qxh5 29. c4 Qh2 30. Bf1 Ne5 31. Ba7+ {LefrancoisJean a abandonné} 1-0

[Event "Tournament 14459 - Europe Echecs"]
[Site "Europe Echecs"]
[Date "2020.07.07"]
[Round "8"]
[Time "17:52:32"]
[PlyCount "64"]
[White "NouvelJehan"]
[Black "VijaySoukreev"]
[WhiteElo "1104"]
[BlackElo "1204"]
[Mode "WEB"]
[Result "1-0"]

1. e4 e5 2. Nf3 Nc6 3. Bc4 Nf6 4. Ng5 d5 5. exd5 Na5 6. Bb5+ c6 7. dxc6 bxc6 8.
Be2 h6 9. Nf3 e4 10. Ng1 Bc5 11. d3 O-O 12. Be3 Bxe3 13. fxe3 exd3 14. cxd3 Re8
15. e4 Qb6 16. Qd2 Ba6 17. Nc3 Rad8 18. Nf3 Nxe4 19. Nxe4 Rxe4 20. O-O-O Rb4 21.
Qc2 Qe3+ 22. Kb1 Rdb8 23. Rd2 Rxb2+ 24. Qxb2 Rxb2+ 25. Rxb2 Bxd3+ 26. Bxd3 Qxd3+
27. Ka1 Nc4 28. Rb8+ Kh7 29. Rc1 Na3 30. Rb3 Nc2+ 31. Kb2 Nd4 32. Rxd3 {VijaySoukreev a abandonné} 1-0

[Event "Tournament 14459 - Europe Echecs"]
[Site "Europe Echecs"]
[Date "2020.07.07"]
[Round "8"]
[Time "17:52:32"]
[PlyCount "62"]
[White "KouamNoe"]
[Black "NeelLaura"]
[WhiteElo "1462"]
[BlackElo "799"]
[Mode "WEB"]
[Result "1-0"]

1. e4 e5 2. Nc3 Nc6 3. Bc4 Nf6 4. d3 Bc5 5. Nge2 d6 6. O-O O-O 7. Bg5 h6 8. Bh4
g5 9. Bg3 Ne7 10. Qd2 c6 11. Kh1 Ng6 12. f3 a5 13. Ng1 b5 14. Nxb5 cxb5 15. Bxb5
Rb8 16. a4 Bd7 17. c4 Qc7 18. Ne2 Bxb5 19. cxb5 Qb6 20. Nc3 Bb4 21. Qe2 Bxc3 22.
bxc3 Rfc8 23. Rac1 Rc7 24. c4 Qc5 25. Bf2 Qb4 26. Qa2 d5 27. c5 dxe4 28. dxe4
Rd7 29. Rc2 Rd3 30. c6 Qxb5 31. axb5 {NeelLaura a abandonné} 1-0

[Event "Tournament 14459 - Europe Echecs"]
[Site "Europe Echecs"]
[Date "2020.07.07"]
[Round "8"]
[Time "17:52:32"]
[PlyCount "84"]
[White "BreuilVirgile"]
[Black "TavaresRibeiro"]
[WhiteElo "1622"]
[BlackElo "1225"]
[Mode "WEB"]
[Result "1-0"]

1. e4 c5 2. c3 Nc6 3. d4 cxd4 4. cxd4 g6 5. Nf3 Bg7 6. Nc3 Nf6 7. Bc4 O-O 8. O-O
e6 9. Bg5 Qc7 10. Nb5 Qb8 11. Qc1 a6 12. Bf4 Qxf4 13. Qxf4 axb5 14. Bxb5 d5 15.
e5 Ne4 16. Bd3 f5 17. Qe3 Bd7 18. Ne1 Rfe8 19. f3 Nd2 20. Qxd2 Nxd4 21. f4 Rec8
22. Nc2 Nxc2 23. Bxc2 Bf8 24. Bb3 Bb5 25. Rfc1 Bc5+ 26. Kh1 Kg7 27. a4 Ba6 28.
Rc2 Be3 29. Qxe3 Rd8 30. Qb6 Re8 31. Rc7+ Kg8 32. Rac1 Rad8 33. Rxb7 Bxb7 34.
Qxb7 Rb8 35. Qd7 Rbd8 36. Qc7 Rc8 37. Qxc8 Rxc8 38. Rxc8+ Kf7 39. a5 d4 40. a6
d3 41. a7 d2 42. a8=Q {TavaresRibeiro a abandonné} 1-0

[Event "Tournament 14459 - Europe Echecs"]
[Site "Europe Echecs"]
[Date "2020.07.07"]
[Round "8"]
[Time "17:52:32"]
[PlyCount "79"]
[White "VerdierAnais"]
[Black "BonelliMaestra"]
[WhiteElo "1159"]
[BlackElo "1545"]
[Mode "WEB"]
[Result "0-1"]

1. d4 d5 2. c4 c6 3. Nc3 e6 4. Nf3 Nf6 5. Bg5 Nbd7 6. e3 Bb4 7. a3 Bxc3+ 8. bxc3
h6 9. Bh4 b6 10. cxd5 cxd5 11. Bb5 a6 12. Bc6 Rb8 13. Bg3 Bb7 14. Bxd7+ Nxd7 15.
Bxb8 Qxb8 16. O-O O-O 17. Qd3 b5 18. Rfb1 Qc7 19. a4 Bc6 20. axb5 Bxb5 21. Qc2
Rc8 22. Rb3 Nf6 23. Ne5 Nd7 24. Nxd7 Qxd7 25. Qd2 Qc6 26. Rc1 Rc7 27. Rb4 g6 28.
f3 Kg7 29. Rb3 Bc4 30. Rb4 a5 31. Rb2 a4 32. Ra1 Bb3 33. Rc1 h5 34. f4 Qd6 35.
g3 Qc6 36. Kg2 f6 37. h4 Rb7 38. Rcb1 Qc4 39. Ra1 Rc7 {VerdierAnais a perdu au temps} 0-1

[Event "Tournament 14459 - Europe Echecs"]
[Site "Europe Echecs"]
[Date "2020.07.07"]
[Round "8"]
[Time "17:52:32"]
[PlyCount "74"]
[White "NegreEmilie"]
[Black "SingaramSheyon"]
[WhiteElo "1438"]
[BlackElo "1209"]
[Mode "WEB"]
[Result "1-0"]

1. d4 Nf6 2. Nf3 g6 3. Nbd2 Bg7 4. e4 d6 5. c3 O-O 6. Bd3 Re8 7. O-O e5 8. Nb3
Bg4 9. h3 Be6 10. Bg5 h6 11. Bh4 g5 12. Bg3 exd4 13. cxd4 b6 14. Rc1 c5 15. Bb1
Na6 16. Re1 d5 17. e5 Nd7 18. Qd3 c4 19. Qh7+ Kf8 20. Nbd2 b5 21. h4 Nb6 22.
hxg5 hxg5 23. Qh5 g4 24. Ng5 f6 25. exf6 Bxf6 26. Nxe6+ Rxe6 27. Rxe6 Bxd4 28.
Qh6+ Kf7 29. Qg6+ Kf8 30. Bd6+ Qxd6 31. Rxd6 Bxb2 32. Qf5+ Ke7 33. Qe6+ Kf8 34.
Qh6+ Ke7 35. Re1+ Kf7 36. Qg6+ Kf8 37. Qh6+ {SingaramSheyon a abandonné} 1-0

[Event "Tournament 14459 - Europe Echecs"]
[Site "Europe Echecs"]
[Date "2020.07.07"]
[Round "8"]
[Time "17:52:32"]
[PlyCount "39"]
[White "HeemAlice"]
[Black "CerclierLeo"]
[WhiteElo "1203"]
[BlackElo "1420"]
[Mode "WEB"]
[Result "0-1"]

1. e4 e5 2. Nf3 Nc6 3. Nd4 Nxd4 4. Nc3 Bc5 5. d3 c6 6. Be3 d6 7. Qd2 Nf6 8. Bg5
O-O 9. Ne2 d5 10. Nxd4 Bxd4 11. Qe2 Bxb2 12. Rb1 Bc3+ 13. Kd1 Qd6 14. Qf3 Bg4
15. Bxf6 Bxf3+ 16. gxf3 Qxf6 17. Rxb7 Qxf3+ 18. Be2 Qxh1+ 19. Bf1 Qxf1# {HeemAlice est échec et mat} 0-1

[Event "Tournament 14459 - Europe Echecs"]
[Site "Europe Echecs"]
[Date "2020.07.07"]
[Round "8"]
[Time "17:52:32"]
[PlyCount "62"]
[White "PonLeBrunGrego"]
[Black "BarbaggiSasha"]
[WhiteElo "1145"]
[BlackElo "1375"]
[Mode "WEB"]
[Result "1-0"]

1. e4 e6 2. d4 d5 3. exd5 exd5 4. Bd3 Nc6 5. Nf3 Nf6 6. c3 Bg4 7. Bf4 Bd6 8.
Bxd6 Qxd6 9. O-O O-O 10. Nbd2 Ne4 11. Nxe4 dxe4 12. Bxe4 f5 13. Bd3 Qd5 14. Be2
Nd8 15. b3 Ne6 16. Re1 c5 17. Bc4 Bxf3 18. gxf3 Qd8 19. Bxe6+ Kh8 20. Kh1 Re8
21. Bxf5 Rxe1+ 22. Qxe1 cxd4 23. Rd1 Qf6 24. Qe4 dxc3 25. Qxb7 Rg8 26. Be4 Rd8
27. Rxd8+ Qxd8 28. Qc6 Qd1+ 29. Kg2 Qd2 30. Qc8+ Qd8 31. Qxd8# {BarbaggiSasha est échec et mat} 1-0

[Event "Tournament 14459 - Europe Echecs"]
[Site "Europe Echecs"]
[Date "2020.07.07"]
[Round "8"]
[Time "17:52:32"]
[PlyCount "92"]
[White "YastrebovAndre"]
[Black "DeGouyEdgar"]
[WhiteElo "1370"]
[BlackElo "1155"]
[Mode "WEB"]
[Result "1-0"]

1. d4 g6 2. c4 Nf6 3. Nc3 Bg7 4. e4 d6 5. Be2 O-O 6. Bg5 Nbd7 7. Nf3 Re8 8. O-O
e5 9. dxe5 dxe5 10. Nd5 c6 11. Nc3 Qb6 12. Qc2 a5 13. Rad1 Nc5 14. b3 Be6 15.
Rd2 Rad8 16. Rfd1 Bg4 17. h3 Bxf3 18. Bxf3 Ne6 19. Be3 c5 20. Nd5 Qc6 21. Rd3
Nd4 22. Nxf6+ Bxf6 23. Bxd4 cxd4 24. Qd2 a4 25. Rc1 a3 26. Qb4 Be7 27. Qd2 Rc8
28. Bg4 Rc7 29. Qa5 b6 30. Qxe5 Bf6 31. Qd5 Qxd5 32. exd5 Rd8 33. Re1 h5 34. Bf3
Rcd7 35. Rd2 Rb8 36. Rde2 Bg5 37. Rd1 Bf6 38. Re4 b5 39. Be2 bxc4 40. Bxc4 Kg7
41. Kf1 Rbd8 42. Ke2 Rd6 43. Kd3 R6d7 44. Rde1 Rd6 45. Re8 R8d7 46. Ra8 {DeGouyEdgar a perdu au temps} 1-0